000 00528nam a2200205Ia 4500
005 20260429112100.0
008 260429s9999||||xx |||||||||||||| ||und||
020 _a9789363868618
041 _aEnglish
082 _a005.133
_bSHO
100 _aShovic, John C.
245 0 _aPython essentials for dummies /
_cJohn C. Shovic
250 _a1st ed.
260 _aNew Delhi :
_bWiley,
_c2025.
300 _aix, 180 p.; pbk
650 _a Computer programming
650 _aPython
700 _a Simpson, Alan
942 _cTB
999 _c52257
_d52257